[Event "EU-Cup 39th"]
[Site "Vrnjacka Banja"]
[Date "2024.10.23"]
[Round "4.5"]
[White "Haydon, David Leslie"]
[Black "Mindlin, Alon"]
[Result "1/2-1/2"]
[WhiteElo "2283"]
[BlackElo "2452"]
[PlyCount "63"]
[EventDate "2024.10.20"]
[EventType "team-swiss"]
[EventRounds "7"]
[EventCountry "SRB"]
[SourceTitle "CB44_2024"]
[Source "Chessbase"]
[SourceDate "2024.10.30"]
[SourceVersion "1"]
[SourceVersionDate "2024.10.30"]
[SourceQuality "1"]
[WhiteTeam "Wood Green"]
[BlackTeam "Kfar Saba"]
[WhiteTeamCountry "ENG"]
[BlackTeamCountry "ISR"]

1. e4 e5 2. Nf3 Nc6 3. Bb5 a6 4. Ba4 Nf6 5. 0-0 Be7 6. Re1 b5 7. Bb3 d6 8. c3 0-0 9. h3 Nb8 10. d4 Nbd7 11. Nbd2 Bb7 12. Bc2 Re8 13. Nf1 Bf8 14. Ng3 g6 15. a4 Bg7 16. Bd3 c6 17. Bg5 Nf8 18. Qd2 Ne6 19. Be3 Nd7 20. Bf1 Qe7 21. b3 Rac8 22. axb5 cxb5 23. d5 Nf4 24. c4 Nc5 25. Bxc5 Rxc5 26. cxb5 axb5 27. b4 Rc7 28. Bxb5 Bh6 29. Qd1 Rec8 30. Ne2 Nxe2+ 31. Bxe2 Rc2 32. Bd3 1/2-1/2

[Event "EU-Cup 39th"]
[Site "Vrnjacka Banja"]
[Date "2024.10.22"]
[Round "3.5"]
[White "Mindlin, Alon"]
[Black "Abasov, Nijat Azad"]
[Result "0-1"]
[WhiteElo "2452"]
[BlackElo "2619"]
[PlyCount "120"]
[EventDate "2024.10.20"]
[EventType "team-swiss"]
[EventRounds "7"]
[EventCountry "SRB"]
[SourceTitle "CB44_2024"]
[Source "Chessbase"]
[SourceDate "2024.10.30"]
[SourceVersion "1"]
[SourceVersionDate "2024.10.30"]
[SourceQuality "1"]
[WhiteTeam "Kfar Saba"]
[BlackTeam "Bayegan Pendik"]
[WhiteTeamCountry "ISR"]
[BlackTeamCountry "TUR"]

1. d4 Nf6 2. c4 e6 3. Nc3 Bb4 4. e3 0-0 5. Bd3 d5 6. Nge2 dxc4 7. Bxc4 b6 8. a3 Be7 9. e4 Bb7 10. e5 Nd5 11. 0-0 c5 12. Nxd5 Bxd5 13. Bxd5 Qxd5 14. dxc5 bxc5 15. Bf4 Nc6 16. Qa4 Nd4 17. Nc3 Qb7 18. Rab1 Rfd8 19. Rfe1 Rab8 20. Re4 Nb3 21. Be3 Nd2 22. Bxd2 Rxd2 23. h3 Rbd8 24. Qb5 Qc7 25. Re2 R2d4 26. Qa6 Qd7 27. Rbe1 Rb8 28. a4 Rb6 29. Qa5 Rbb4 30. Qa6 Rxa4 31. Qb5 Rab4 32. Qxd7 Rxd7 33. Ne4 h5 34. Ra1 h4 35. Ra5 Rc4 36. Nc3 Bd8 37. Ra1 a5 38. Ne4 Bc7 39. Ng5 Rd5 40. Nf3 Bd8 41. Kf1 Kh7 42. b3 Rc3 43. Rb1 Rd7 44. Re4 Rb7 45. Nd2 Rb4 46. Ke2 Bc7 47. f4 Kg6 48. Re3 Rxe3+ 49. Kxe3 f6 50. Re1 Kf5 51. Rc1 Bb6 52. Rc4 fxe5 53. fxe5 Kxe5 54. Kd3 Kd5 55. Rc2 a4 56. bxa4 Rd4+ 57. Ke2 Rxa4 58. Rb2 Ba5 59. Nf1 Bc3 60. Rb7 Ra2+ 0-1

[Event "Jerusalem op"]
[Site "Jerusalem"]
[Date "2024.09.24"]
[Round "1"]
[White "Barak, Omer"]
[Black "Mindlin, Alon"]
[Result "0-1"]
[WhiteElo "1671"]
[BlackElo "2452"]
[PlyCount "92"]
[EventDate "2024.09.24"]
[EventType "swiss (rapid)"]
[EventRounds "9"]
[EventCountry "ISR"]
[SourceTitle "EXT 2025"]
[Source "ChessBase"]
[SourceDate "2024.10.14"]
[SourceVersion "1"]
[SourceVersionDate "2024.10.14"]
[SourceQuality "1"]

1. e4 e5 2. Nf3 Nc6 3. d4 exd4 4. Bc4 Bc5 5. c3 Nf6 6. e5 d5 7. Bb5 Ne4 8. cxd4 Bb6 9. Nc3 0-0 10. h3 f6 11. Qb3 Nxc3 12. bxc3 fxe5 13. Bxc6 bxc6 14. Nxe5 Ba6 15. Ba3 Qh4 16. Bxf8 Qe4+ 17. Kd2 Rxf8 18. f3 Qe2+ 19. Kc1 Qe3+ 20. Kc2 Qf2+ 21. Kc1 Bxd4 22. cxd4 Qxd4 23. Qb2 Qf4+ 24. Kd1 Qa4+ 25. Kc1 Qf4+ 26. Kd1 Bb5 27. a4 Bxa4+ 28. Rxa4 Qxa4+ 29. Kd2 Qf4+ 30. Kc2 Qf5+ 31. Kd2 Qg5+ 32. Kd1 c5 33. Re1 Qf4 34. Nd3 Qa4+ 35. Qc2 Qd4 36. Kc1 c4 37. Nb2 Rb8 38. Qe2 Qc3+ 39. Kd1 h6 40. Qe6+ Kh8 41. Re2 Qb3+ 42. Ke1 c3 43. Nd3 Qb1+ 44. Kf2 Qxd3 45. Qf7 c2 46. Re7 Qd4+ 0-1

[Event "Titled Tuesday intern op 14th May Early"]
[Site "Chess.com INT"]
[Date "2024.05.14"]
[Round "7"]
[White "Grigoriants, Sergey"]
[Black "Mindlin, Alon"]
[Result "1-0"]
[WhiteElo "2535"]
[BlackElo "2452"]
[PlyCount "114"]
[EventDate "2024.05.14"]
[EventType "swiss (blitz)"]
[EventRounds "11"]
[EventCountry "USA"]
[SourceTitle "EXT 2025"]
[Source "ChessBase"]
[SourceDate "2024.10.14"]
[SourceVersion "1"]
[SourceVersionDate "2024.10.14"]
[SourceQuality "1"]

1. d4 Nf6 2. c4 e6 3. Nc3 d5 4. cxd5 exd5 5. Bg5 Be7 6. e3 Nbd7 7. Bd3 c6 8. Nge2 0-0 9. Qc2 Re8 10. h3 g6 11. 0-0-0 b5 12. Kb1 a5 13. g4 Nb6 14. Nf4 Nc4 15. Bxc4 bxc4 16. f3 Rb8 17. Ka1 a4 18. Nxa4 Qa5 19. Nc3 Bd7 20. Rh2 Nxg4 21. Bxe7 Nxe3 22. Qd2 Rxe7 23. Ncxd5 Qxa2+ 24. Kxa2 Ra8+ 25. Kb1 Bf5+ 26. Qd3 Rea7 27. Nxe3 cxd3 28. Kc1 Ra1+ 29. Kd2 R1a2 30. Nxd3 Rb8 31. Nxf5 gxf5 32. Re2 Kf8 33. Rc1 Rb5 34. Rc5 Rb6 35. Rxf5 Rba6 36. Rc5 Ra1 37. Rc2 Rh1 38. Nf4 Raa1 39. Kc3 Rhf1 40. Re3 Ra4 41. b3 Ra6 42. Nd3 Ra5 43. Ne5 c5 44. Nd7+ Kg7 45. Nxc5 Ra7 46. Rg2+ Kh6 47. Nd3 Rc7+ 48. Nc5 Rc1+ 49. Rc2 Rf1 50. Kc4 f5 51. Rd3 Kg5 52. d5 Kf4 53. d6 Rc8 54. d7 Rg8 55. d8Q Rxd8 56. Rxd8 Kxf3 57. Rd4 f4 1-0

[Event "Titled Tuesday intern op 14th May Early"]
[Site "Chess.com INT"]
[Date "2024.05.14"]
[Round "3"]
[White "Mindlin, Alon"]
[Black "Bacrot, Etienne"]
[Result "1/2-1/2"]
[WhiteElo "2452"]
[BlackElo "2684"]
[PlyCount "89"]
[EventDate "2024.05.14"]
[EventType "swiss (blitz)"]
[EventRounds "11"]
[EventCountry "USA"]
[SourceTitle "EXT 2025"]
[Source "ChessBase"]
[SourceDate "2024.10.14"]
[SourceVersion "1"]
[SourceVersionDate "2024.10.14"]
[SourceQuality "1"]

1. e4 c5 2. c3 Nf6 3. e5 Nd5 4. d4 cxd4 5. Nf3 d6 6. cxd4 Nc6 7. Bc4 Nb6 8. Bb5 e6 9. 0-0 Bd7 10. Nc3 a6 11. Be2 h6 12. a3 Be7 13. Bd3 Rc8 14. Qe2 dxe5 15. dxe5 Na5 16. Rd1 Nb3 17. Rb1 Nxc1 18. Rbxc1 Qc7 19. Nd5 Qxc1 20. Nxb6 Qc7 21. Nxc8 Qxc8 22. h4 Bc6 23. Nd4 Bd5 24. Be4 Bxe4 25. Qxe4 0-0 26. Nf3 Qc7 27. g3 Rc8 28. Kg2 b5 29. Rd2 a5 30. h5 b4 31. a4 Bf8 32. Nd4 Qc4 33. Rc2 Qa6 34. Rxc8 Qxc8 35. Nc6 Qc7 36. Qc4 b3 37. Qb5 Ba3 38. bxa3 b2 39. Qxb2 Qxc6+ 40. Kh2 Qxa4 41. Qb8+ Kh7 42. Qb1+ Kg8 43. Qb8+ Kh7 44. Qb1+ Kg8 45. Qb8+ 1/2-1/2

[Event "ISR-chT"]
[Site "Israel"]
[Date "2024.03.02"]
[Round "10.24"]
[White "Mindlin, Alon"]
[Black "Kaspi, Alexander"]
[Result "1-0"]
[WhiteElo "2441"]
[BlackElo "2376"]
[PlyCount "61"]
[EventDate "2024.01.10"]
[EventType "team-tourn"]
[EventRounds "11"]
[EventCountry "ISR"]
[SourceTitle "CBM 218 Extra"]
[Source "ChessBase"]
[SourceDate "2024.03.31"]
[SourceVersion "1"]
[SourceVersionDate "2024.03.31"]
[SourceQuality "1"]
[WhiteTeam "Kfar Saba"]
[BlackTeam "Rishon Le Zion"]
[WhiteTeamCountry "ISR"]
[BlackTeamCountry "ISR"]

1. e4 c5 2. c3 d5 3. exd5 Qxd5 4. d4 Nf6 5. Nf3 e6 6. Be3 cxd4 7. cxd4 Nc6 8. Nc3 Qd8 9. Bd3 Be7 10. 0-0 0-0 11. a3 a6 12. Rc1 Bd7 13. Bb1 Qa5 14. Ne5 Be8 15. Nc4 Qd8 16. Qf3 Rc8 17. d5 exd5 18. Bb6 Qd7 19. Bf5 dxc4 20. Bxd7 Bxd7 21. Rfe1 Be6 22. Qd1 Rfe8 23. h3 Bf8 24. Rc2 Bf5 25. Rxe8 Rxe8 26. Re2 Be6 27. Qd2 Rc8 28. Na4 Nd5 29. Bc5 Nb8 30. Bxf8 Kxf8 31. Nb6 1-0

[Event "Titled Tuesday intern op 23rd Jan Early"]
[Site "Chess.com INT"]
[Date "2024.01.23"]
[Round "2"]
[White "Mindlin, Alon"]
[Black "Panda, Vedic"]
[Result "0-1"]
[WhiteElo "2438"]
[BlackElo "2053"]
[PlyCount "140"]
[EventDate "2024.01.23"]
[EventType "swiss (blitz)"]
[EventRounds "11"]
[EventCountry "USA"]
[SourceTitle "EXT 2025"]
[Source "ChessBase"]
[SourceDate "2024.10.14"]
[SourceVersion "1"]
[SourceVersionDate "2024.10.14"]
[SourceQuality "1"]

1. d4 Nf6 2. c4 e6 3. Nf3 Bb4+ 4. Nbd2 Qe7 5. g3 d6 6. Bg2 0-0 7. 0-0 e5 8. Nb3 exd4 9. Nfxd4 Nbd7 10. Nb5 c6 11. N5d4 Ne5 12. Qc2 a5 13. a3 Bc5 14. Nxc5 dxc5 15. Nf3 a4 16. Nxe5 Qxe5 17. Bf4 Qh5 18. h4 Re8 19. e3 Bf5 20. Qd1 Qg6 21. Qd6 Ne4 22. Qxg6 hxg6 23. g4 Bc8 24. Rad1 f5 25. f3 Nf6 26. g5 Nd7 27. Rd6 Kf7 28. Rfd1 Nb6 29. h5 Be6 30. Bf1 gxh5 31. Be5 Re7 32. Bc3 Bxc4 33. g6+ Ke8 34. Bh3 Re6 35. Bxg7 Ke7 36. Rxe6+ Bxe6 37. Bc3 Nd5 38. Be5 Nxe3 39. Re1 Nd5 40. Kf2 Rg8 41. g7 Kf7 42. f4 Ne7 43. Bg2 Ng6 44. Bc3 Nxf4 45. Bf1 Nd5 46. Be5 Nf6 47. Bxf6 Kxf6 48. Rxe6+ Kxe6 49. Bc4+ Kf6 50. Bxg8 Kxg7 51. Kf3 Kf6 52. Kf4 h4 53. Bc4 b5 54. Bd3 c4 55. Bxf5 c5 56. Bd7 b4 57. Bxa4 c3 58. bxc3 bxa3 59. Bb3 h3 60. Kg3 Ke5 61. Kxh3 Ke4 62. Kg3 Kd3 63. Kf3 Kxc3 64. Ba2 Kb2 65. Bc4 a2 66. Bxa2 Kxa2 67. Ke2 Kb3 68. Kd2 c4 69. Kc1 Kc3 70. Kb1 Kd2 0-1

[Event "Titled Tuesday intern op 02nd Jan Early"]
[Site "Chess.com INT"]
[Date "2024.01.02"]
[Round "4"]
[White "Mindlin, Alon"]
[Black "Bolat, Inayat"]
[Result "1-0"]
[WhiteElo "2438"]
[BlackElo "2241"]
[PlyCount "53"]
[EventDate "2024.01.02"]
[EventType "swiss (blitz)"]
[EventRounds "11"]
[EventCountry "USA"]
[SourceTitle "EXT 2025"]
[Source "ChessBase"]
[SourceDate "2024.10.14"]
[SourceVersion "1"]
[SourceVersionDate "2024.10.14"]
[SourceQuality "1"]

1. e4 e5 2. Nf3 Nc6 3. Nc3 Nf6 4. Bb5 Bb4 5. 0-0 0-0 6. d3 d6 7. Bg5 Bxc3 8. bxc3 Ne7 9. Nh4 Ng6 10. Nxg6 hxg6 11. f4 c6 12. Bc4 Qb6+ 13. Kh1 Ng4 14. Qe1 Ne3 15. Rb1 Qc5 16. Be7 Nxf1 17. Bxf8 Kxf8 18. Qh4 g5 19. Qxg5 f6 20. Qh5 d5 21. Rxf1 dxc4 22. fxe5 cxd3 23. Qh8+ Kf7 24. exf6 g5 25. Qg7+ Ke6 26. f7 Bd7 27. Qf6# 1-0

[Event "Titled Tuesday intern op 02nd Jan Early"]
[Site "Chess.com INT"]
[Date "2024.01.02"]
[Round "2"]
[White "Mindlin, Alon"]
[Black "Travadon, Loic"]
[Result "0-1"]
[WhiteElo "2438"]
[BlackElo "2460"]
[PlyCount "68"]
[EventDate "2024.01.02"]
[EventType "swiss (blitz)"]
[EventRounds "11"]
[EventCountry "USA"]
[SourceTitle "EXT 2025"]
[Source "ChessBase"]
[SourceDate "2024.10.14"]
[SourceVersion "1"]
[SourceVersionDate "2024.10.14"]
[SourceQuality "1"]

1. d4 Nf6 2. c4 e6 3. Nc3 d5 4. Nf3 c6 5. Bg5 Nbd7 6. e3 dxc4 7. Bxc4 b5 8. Bb3 Be7 9. 0-0 Bb7 10. Rc1 0-0 11. Qe2 h6 12. Bxf6 Nxf6 13. Rfd1 Rc8 14. Ne5 a6 15. Nd3 c5 16. Nxc5 Bxc5 17. dxc5 Qe7 18. e4 Nd7 19. Bc2 Nxc5 20. Qe3 b4 21. Ne2 Rfd8 22. Ng3 a5 23. h3 Rxd1+ 24. Rxd1 Qc7 25. Nh5 Qe5 26. Ng3 Qxb2 27. Bb1 Na4 28. Rf1 Ba6 29. Re1 Qc3 30. Kh2 Qxe3 31. fxe3 Nc3 32. Bc2 Bb7 33. e5 Rd8 34. Nh5 Rd2 0-1

[Event "Titled Tuesday intern op 02nd Jan Early"]
[Site "Chess.com INT"]
[Date "2024.01.02"]
[Round "7"]
[White "Vallejo Diaz, Javier"]
[Black "Mindlin, Alon"]
[Result "1-0"]
[WhiteElo "2363"]
[BlackElo "2438"]
[PlyCount "89"]
[EventDate "2024.01.02"]
[EventType "swiss (blitz)"]
[EventRounds "11"]
[EventCountry "USA"]
[SourceTitle "EXT 2025"]
[Source "ChessBase"]
[SourceDate "2024.10.14"]
[SourceVersion "1"]
[SourceVersionDate "2024.10.14"]
[SourceQuality "1"]

1. e4 g6 2. Nc3 Bg7 3. f4 d6 4. Nf3 c5 5. Bc4 a6 6. a4 Nc6 7. d3 e6 8. 0-0 Nge7 9. h3 0-0 10. Ba2 d5 11. Qe2 Nd4 12. Qf2 b5 13. Ne5 b4 14. Nd1 Bb7 15. c3 b3 16. cxd4 bxa2 17. dxc5 dxe4 18. d4 Nf5 19. Be3 Bd5 20. Nc3 Rb8 21. Nxa2 h5 22. Nc3 h4 23. Rab1 Rb3 24. Rfe1 Qa5 25. Rbd1 Rfb8 26. Rd2 Ng3 27. Nd7 R8b4 28. Nb6 Bf6 29. Nbxd5 exd5 30. Nxd5 Rxb2 31. Nxf6+ Kg7 32. Nd5 R4b3 33. f5 Rxe3 34. f6+ Kh7 35. Nxe3 Rxd2 36. Qf4 Nh5 37. Qxh4 Kg8 38. g4 Qc7 39. Ng2 Nf4 40. Qh6 Rxg2+ 41. Kh1 Nh5 42. Kxg2 Qg3+ 43. Kf1 Qf3+ 44. Kg1 Nxf6 45. Qe3 1-0

[Event "Titled Tuesday intern op 07th Nov Early"]
[Site "Chess.com INT"]
[Date "2023.11.07"]
[Round "1"]
[White "Bogdanov, Artyom"]
[Black "Mindlin, Alon"]
[Result "0-1"]
[WhiteElo "2300"]
[BlackElo "2438"]
[PlyCount "136"]
[EventDate "2023.11.07"]
[EventType "swiss (blitz)"]
[EventRounds "11"]
[EventCountry "USA"]
[SourceTitle "EXT 2025"]
[Source "ChessBase"]
[SourceDate "2024.10.14"]
[SourceVersion "1"]
[SourceVersionDate "2024.10.14"]
[SourceQuality "1"]

1. e4 e5 2. Nf3 Nc6 3. Bc4 Bc5 4. c3 Nf6 5. d3 d6 6. h3 a6 7. a4 Ba7 8. 0-0 h6 9. b4 g5 10. Nh2 Rg8 11. Be3 g4 12. Bxa7 Nxa7 13. h4 Nc6 14. g3 Be6 15. Nd2 Qd7 16. Re1 Ne7 17. d4 Bxc4 18. Nxc4 Qe6 19. Qd3 Ng6 20. Nf1 Kf8 21. Nfe3 exd4 22. Nd5 Nxd5 23. exd5 Qxd5 24. cxd4 Kg7 25. Ne3 Qf3 26. Rac1 c6 27. Nf5+ Kf6 28. Qxf3 gxf3 29. Nxd6 Nf4 30. Ne4+ Kf5 31. Nd6+ Kg4 32. Re4 Kh3 33. Rxf4 Rad8 34. Ne4 Rge8 35. Rc3 Rxd4 36. Rc1 Rdxe4 37. Rxe4 Rxe4 38. Kf1 Rxb4 39. Ke1 Kg2 40. Rc3 Re4+ 41. Kd2 Kxf2 42. Rd3 Kxg3 43. Rd6 Rxa4 44. Rd7 Rxh4 45. Rxf7 Rf4 46. Rg7+ Kh3 47. Ke1 c5 48. Kf2 c4 49. Rg6 h5 50. Rg5 h4 51. Rg1 c3 52. Rc1 Kg4 53. Rxc3 Rb4 54. Rc2 Re4 55. Rd2 Re2+ 56. Rxe2 fxe2 57. Kxe2 Kg3 58. Ke3 h3 59. Kd4 h2 60. Kc5 h1Q 61. Kb6 Qc6+ 62. Ka7 b5 63. Kb8 b4 64. Ka7 b3 65. Kb8 b2 66. Ka7 a5 67. Kb8 b1Q+ 68. Ka7 Qbb7# 0-1

[Event "Titled Tuesday intern op 07th Nov Early"]
[Site "Chess.com INT"]
[Date "2023.11.07"]
[Round "4"]
[White "Mindlin, Alon"]
[Black "Gavrilov, Maxim"]
[Result "0-1"]
[WhiteElo "2438"]
[BlackElo "2186"]
[PlyCount "74"]
[EventDate "2023.11.07"]
[EventType "swiss (blitz)"]
[EventRounds "11"]
[EventCountry "USA"]
[SourceTitle "EXT 2025"]
[Source "ChessBase"]
[SourceDate "2024.10.14"]
[SourceVersion "1"]
[SourceVersionDate "2024.10.14"]
[SourceQuality "1"]

1. e4 c5 2. c3 d5 3. exd5 Qxd5 4. d4 Nc6 5. Nf3 Bg4 6. Be2 e6 7. h3 Bh5 8. 0-0 Nf6 9. Be3 cxd4 10. cxd4 Be7 11. Nc3 Qd6 12. Qb3 0-0 13. Rac1 a6 14. Na4 Nb4 15. Rfd1 Nbd5 16. Qxb7 Nxe3 17. fxe3 Nd5 18. Kf2 Bxf3 19. Bxf3 Bh4+ 20. Ke2 Rab8 21. Qc6 Qg3 22. Rf1 Bg5 23. Rc3 Nxc3+ 24. Qxc3 Rfc8 25. Nc5 Be7 26. b4 e5 27. Bd5 exd4 28. Qxd4 Bxc5 29. bxc5 Rc7 30. c6 Kh8 31. Rf4 f6 32. Bf3 Rcc8 33. Qd7 Rd8 34. c7 Rb2+ 35. Kd3 Rxd7+ 36. Kc3 Rxc7+ 37. Kxb2 Qf2+ 0-1

[Event "Titled Tuesday intern op 07th Nov Early"]
[Site "Chess.com INT"]
[Date "2023.11.07"]
[Round "8"]
[White "Mindlin, Alon"]
[Black "Shapiro, Viktor"]
[Result "1-0"]
[WhiteElo "2438"]
[BlackElo "2113"]
[PlyCount "61"]
[EventDate "2023.11.07"]
[EventType "swiss (blitz)"]
[EventRounds "11"]
[EventCountry "USA"]
[SourceTitle "EXT 2025"]
[Source "ChessBase"]
[SourceDate "2024.10.14"]
[SourceVersion "1"]
[SourceVersionDate "2024.10.14"]
[SourceQuality "1"]

1. d4 Nf6 2. c4 e6 3. Nc3 c5 4. d5 exd5 5. cxd5 d6 6. e4 g6 7. f3 Bg7 8. Be3 0-0 9. Qd2 a6 10. a4 h5 11. Be2 Nbd7 12. Nh3 Ne5 13. Nf2 Bd7 14. a5 b5 15. axb6 Qxb6 16. 0-0 Rfb8 17. b4 Qxb4 18. Rfb1 Qxb1+ 19. Rxb1 Rxb1+ 20. Nxb1 Bb5 21. Nc3 Nc4 22. Bxc4 Bxc4 23. Bh6 Bh8 24. e5 dxe5 25. Nfe4 Nxe4 26. Nxe4 Rd8 27. Qg5 Rxd5 28. Nf6+ Bxf6 29. Qxf6 Rd1+ 30. Kf2 Rf1+ 31. Kg3 1-0

[Event "Titled Tuesday intern op 10th Oct Early"]
[Site "Chess.com INT"]
[Date "2023.10.10"]
[Round "6"]
[White "Mindlin, Alon"]
[Black "Erzhanov, Arman"]
[Result "1-0"]
[WhiteElo "2438"]
[BlackElo "2175"]
[PlyCount "47"]
[EventDate "2023.10.10"]
[EventType "swiss (blitz)"]
[EventRounds "11"]
[EventCountry "USA"]
[SourceTitle "EXT 2025"]
[Source "ChessBase"]
[SourceDate "2024.10.14"]
[SourceVersion "1"]
[SourceVersionDate "2024.10.14"]
[SourceQuality "1"]

1. e4 d6 2. d4 Nf6 3. Nc3 c6 4. g3 e5 5. Bg2 Nbd7 6. Nge2 b5 7. a3 Be7 8. 0-0 0-0 9. h3 a5 10. Be3 Ba6 11. b4 Qc7 12. f4 Rfe8 13. g4 Nb6 14. dxe5 dxe5 15. fxe5 Nc4 16. Bf4 Nxe5 17. Qe1 axb4 18. axb4 Bxb4 19. Qg3 Nfd7 20. Rfd1 Nb6 21. Nd4 Nbc4 22. Nf5 Bb7 23. Kh1 Ra2 24. Rxa2 1-0

[Event "Ramat Gan Dov Porat Blitz op"]
[Site "Ramat Gan"]
[Date "2023.10.06"]
[Round "2"]
[White "Levi, Or"]
[Black "Mindlin, Alon"]
[Result "1/2-1/2"]
[WhiteElo "1913"]
[BlackElo "2438"]
[PlyCount "129"]
[EventDate "2023.10.06"]
[EventType "swiss (blitz)"]
[EventRounds "11"]
[EventCountry "ISR"]
[SourceTitle "EXT 2025"]
[Source "ChessBase"]
[SourceDate "2024.10.14"]
[SourceVersion "1"]
[SourceVersionDate "2024.10.14"]
[SourceQuality "1"]

1. e4 e5 2. Nf3 Nc6 3. Bb5 a6 4. Ba4 Nf6 5. 0-0 Be7 6. Re1 b5 7. Bb3 d6 8. c3 0-0 9. h3 Bb7 10. d3 Re8 11. Ng5 Rf8 12. Nd2 h6 13. Ngf3 Na5 14. Bc2 c5 15. Nf1 Nc6 16. Ng3 Bc8 17. d4 cxd4 18. cxd4 exd4 19. Nxd4 Nxd4 20. Qxd4 Be6 21. Be3 Rc8 22. Bb3 Qd7 23. Bxe6 fxe6 24. Rac1 Kh8 25. Red1 d5 26. exd5 Qxd5 27. Qa7 Rxc1 28. Rxc1 Bd6 29. Nf1 Qxa2 30. Rc6 Qd5 31. Qxa6 Be5 32. Rxe6 Bxb2 33. Rb6 Bc3 34. Qxb5 Qf7 35. Rb8 h5 36. Bc5 Rxb8 37. Qxb8+ Kh7 38. Qb1+ g6 39. Qd3 Be5 40. Be3 Nd5 41. Qb3 Qd7 42. Qd3 Qe6 43. Nd2 Qc6 44. Qc4 Qe6 45. Nf3 Bf6 46. Qd3 Qc6 47. Ng5+ Bxg5 48. Bxg5 Qe6 49. Be3 Kg8 50. Qd4 Kh7 51. Qa7+ Qe7 52. Qxe7+ Nxe7 53. Kf1 Kg7 54. Ke2 Kf6 55. Kf3 Nf5 56. Bc1 Nh4+ 57. Kg3 Nf5+ 58. Kf4 Ne7 59. Bb2+ Kf7 60. g4 hxg4 61. hxg4 Nd5+ 62. Kg5 Nc7 63. Kf4 Ne6+ 64. Ke5 Nc5 65. f4 1/2-1/2